000 00322nam a2200109Ia 4500
008 171204s9999 xx 000 0 und d
245 _aEssential Cyber Security Handbook:
245 _cNam Nguyen
260 _c2016
650 _xFUNDAMENTALS OF INFORMATION SECURITY
856 _uhttp://down.ebook777.com/046/B01M59TGT0.pdf
999 _c347177
_d347177